000 01061cam a22003497a 4500
001 000014062
003 CHAP
005 20220329133938.0
008 971013s mx r 00010 spa d
010 _a13024
011 _a13996
035 _a18069
040 _cCHAP
082 0 4 _a630.58
_bG65
100 0 0 _aGómez, Marte R.
_949964
245 1 0 _aBiografías de agrónomos.
260 _aMéxico, D.F. :
_bEl autor,
_c(s.a.).
300 _a2 v.
590 _aBATCH-UPD
_b10
_c20130110
_lUCH01
_h1600
590 _aBATCH-UPD
_b10
_c20130410
_lUCH01
_h0957
590 _aBATCH-UPD
_b10
_c20130914
_lUCH01
_h0226
590 _aCONVERSION
_b10
_c20130109
_lUCH01
_h1308
590 _aE5995AHE
_b05
_c20150225
_lUCH01
_h1410
650 1 4 _aAgricultura
_xBiografia
_xMexico.
_91338
650 1 4 _aAgrónomos mexicanos.
_92208
650 1 4 _aENA
_xHistoria.
_936672
901 _aBK
942 _cLIBRO
942 _n0
949 _a630.58 G65
_bBC
_cUACH
_d-42541
_eUACH
_fv.2
_h39966
_i18069
_si
949 _a630.58 G65
_bBC
_cUACH
_d33724000566279
_eUACH
_fv.1
_h39965
_i18069
_si
999 _c13024
_d13024